[Event "5th ch-Euro IBCA"]
[Site "Rhodes GRE"]
[Date "2011.09.10"]
[Round "5.17"]
[White "Altinok,K"]
[Black "Dobierzin,O"]
[Result "0-1"]
[WhiteElo "1870"]
[BlackElo "2113"]

1.d4 Nf6 2.Nf3 g6 3.c4 Bg7 4.Nc3 O-O 5.e4 d6 6.Be2 Nbd7 7.O-O e5 8.d5 Nc5
9.Qc2 a5 10.b3 Ne8 11.a3 Qe7 12.Rb1 f5 13.Rb2 Nxe4 14.Nxe4 fxe4 15.Ng5 Nf6
16.Nxe4 Nxe4 17.Qxe4 Bf5 18.Qe3 b6 19.Rd2 Qh4 20.Qg3 Qxg3 21.hxg3 h5 22.Bb2 Bh6
23.Rdd1 Bc2 24.Rd3 Bxd3 25.Bxd3 Kh7 26.a4 Rae8 27.Be4 Rf7 28.Re1 Bd2 29.Re2 Bb4
30.Bc1 Bc5 31.Be3 Ref8 32.f3 Bxe3+ 33.Rxe3 Kh6 34.Kh2 g5 35.Kh3 Rg7 36.Re2 g4+
37.Kh2 Rfg8 38.Re3 Kg5 39.Kg1 h4 40.gxh4+ Kf4 41.Kf2 g3+ 42.Ke2 Rh8 43.Kd2 Rxh4
44.Re2 Rh1 45.Bd3 Rg1 46.Re4+ Kg5 47.Re2 Rg8 48.Ke3 Rh8 49.Be4 Rh2 50.Kd3 Kf4
51.Bg6 Rhxg2 52.Re4+ Kxf3 53.Re3+ Kf4 54.Re4+ Kg5  0-1

[Event "ch-Euro Youth b14"]
[Site "Albena BUL"]
[Date "2011.09.11"]
[Round "1.21"]
[White "Kambrath,Y"]
[Black "Garrido Piriz,P"]
[Result "1-0"]
[WhiteElo "2153"]
[BlackElo "1854"]

1.d4 Nf6 2.c4 g6 3.Nc3 Bg7 4.e4 d6 5.Nf3 O-O 6.Be2 Na6 7.O-O e5 8.Re1 c6
9.Bf1 Bg4 10.Be3 Nd7 11.Be2 Bxf3 12.Bxf3 f5 13.d5 Qe7 14.a3 f4 15.Bd2 Nf6
16.b4 Qf7 17.dxc6 bxc6 18.Qa4 Qb7 19.Rab1 g5 20.c5 dxc5 21.Be2 Nb8 22.b5 cxb5
23.Bxb5 Qc7 24.Nd5 Nxd5 25.Bc4 Kh8 26.Bxd5 Nd7 27.Bxa8 Rxa8 28.Ba5 Qc8 29.Red1 Nb6
30.Bxb6 axb6 31.Qd7 Qxd7 32.Rxd7 h6 33.Rxb6 Rxa3 34.Rb8+ Kh7 35.h3 Ra6 36.Rbb7 Rg6
37.Rbc7 h5 38.Rxc5 Kh6 39.Kf1 g4 40.h4 g3 41.f3 Ra6 42.Ke2 Bf6 43.Kd3 Ra1
44.Rdd5 Kg6 45.Rc6 Kf7 46.Rd7+ Be7 47.Rcc7 Rd1+ 48.Kc4 Rxd7 49.Rxd7 Ke6 50.Rxe7+  1-0

[Event "TCh-POL 1st League"]
[Site "Mrzezyno POL"]
[Date "2011.09.11"]
[Round "9"]
[White "Brodowski,W"]
[Black "Wypych,D"]
[Result "1-0"]
[WhiteElo "2111"]
[BlackElo "2097"]

1.Nf3 g6 2.c4 Bg7 3.Nc3 e5 4.d4 d6 5.e4 Nd7 6.Be2 Ngf6 7.O-O O-O 8.Re1 h6
9.Bf1 Qe7 10.Rb1 a5 11.a3 exd4 12.Nxd4 Nc5 13.b4 axb4 14.axb4 Ne6 15.Ndb5 Ne8
16.Nd5 Qd8 17.Be3 Ra6 18.Nd4 Nf6 19.f3 Ra3 20.Rb3 Ra8 21.Qd2 Kh7 22.Rd1 Bd7
23.Nb5 Ne8 24.Ndc3 Qb8 25.c5 Bxb5 26.Nxb5 dxc5 27.bxc5 Nf6 28.Bc4 Rd8 29.Rd3 Rxd3
30.Qxd3 Qc8 31.Qb3 b6 32.cxb6 cxb6 33.Nd6 Qf8 34.Nxf7 Nc5 35.Qxb6 Nfd7 36.Qd6 Qc8
37.Qe7 Ra3 38.Bxh6 Bf6 39.Qd6 Rc3 40.Bb5 Qg8 41.Bd2 Rc2 42.Nh6 Qg7 43.Be3 Be5
44.Qd5 Nb6 45.Qc6  1-0

[Event "8th LGA Premium Cup"]
[Site "Nuernberg GER"]
[Date "2011.09.11"]
[Round "6.43"]
[White "Martin Fernandez,R"]
[Black "Zelbel,P"]
[Result "0-1"]
[WhiteElo "2156"]
[BlackElo "2408"]

1.d4 Nf6 2.Nf3 g6 3.c4 Bg7 4.Nc3 O-O 5.e4 d6 6.Be2 e5 7.Be3 Ng4 8.Bg5 f6
9.Bh4 Nc6 10.d5 Ne7 11.Nd2 h5 12.O-O Nh6 13.f3 f5 14.Rb1 f4 15.b4 Bf6 16.Bf2 g5
17.c5 g4 18.Kh1 Rf7 19.Nc4 g3 20.hxg3 Ng6 21.cxd6 cxd6 22.Nb5 Be7 23.gxf4 Nxf4
24.Ne3 a6 25.Na3 Rg7 26.Rg1 Bh4 27.Qe1 Bxf2 28.Qxf2 Nxe2  0-1

[Event "8th LGA Premium Cup"]
[Site "Nuernberg GER"]
[Date "2011.09.11"]
[Round "7.3"]
[White "Sanikidze,T"]
[Black "Vidonyak,R"]
[Result "1-0"]
[WhiteElo "2530"]
[BlackElo "2433"]

1.d4 Nf6 2.c4 g6 3.Nc3 Bg7 4.e4 d6 5.Nf3 O-O 6.Be2 e5 7.O-O Nbd7 8.Re1 c6
9.Bf1 h6 10.h3 Qe7 11.Rb1 a6 12.b3 Re8 13.Ba3 Nh5 14.d5 c5 15.b4 cxb4 16.Bxb4 Bf8
17.Na4 Nc5 18.Nxc5 dxc5 19.Bc3 Qd6 20.Qd2 Nf6 21.Rb3 Nd7 22.Bd3 Kh7 23.Reb1 Bg7
24.a4 Bf6 25.Bc2 Bd8 26.Bb2 a5 27.Bc1 Qf8 28.Nh2 Bg5 29.Qd1 Bxc1 30.Qxc1 Ra6
31.Ng4 Rd6 32.Rf3 Re7 33.h4 b6 34.h5 g5 35.Rfb3 Ba6 36.Ne3 Re8 37.Bd1 Rb8
38.Nf5 Rf6 39.Bg4 Qd8 40.Qc3 Qc7 41.Ne7 Re8 42.Nf5 Bc8 43.Ne3 Rd6 44.Bf5+ Kg8
45.Qb2 f6 46.Bg6 Rd8 47.Nf5 Nf8 48.Nxd6  1-0

[Event "5th ch-Euro IBCA"]
[Site "Rhodes GRE"]
[Date "2011.09.11"]
[Round "6.18"]
[White "Heinich,M"]
[Black "Holmela,K"]
[Result "1-0"]
[WhiteElo "2079"]
[BlackElo "1923"]

1.d4 Nf6 2.c4 g6 3.Nc3 Bg7 4.e4 d6 5.Nf3 O-O 6.Be2 e5 7.Be3 Nc6 8.d5 Ne7
9.Nd2 Ne8 10.O-O f5 11.f3 f4 12.Bf2 g5 13.c5 h5 14.Nc4 Ng6  1-0

[Event "ch-Euro Youth b16"]
[Site "Albena BUL"]
[Date "2011.09.12"]
[Round "2.3"]
[White "Usmanov,V"]
[Black "Grigoryan,K2"]
[Result "0-1"]
[WhiteElo "2238"]
[BlackElo "2473"]

1.d4 Nf6 2.c4 g6 3.Nc3 Bg7 4.e4 d6 5.Be2 O-O 6.Nf3 Na6 7.O-O e5 8.Qc2 exd4
9.Nxd4 Nc5 10.Rd1 Re8 11.f3 a5 12.Be3 Bd7 13.Rab1 Qe7 14.b3 c6 15.Bf2 Rad8
16.Bf1 Nh5 17.a3 Be5 18.b4 axb4 19.axb4 Ne6 20.Nce2 Nhf4 21.Nxf4 Nxf4 22.Ne2 Nxe2+
23.Bxe2 f5 24.c5 fxe4 25.cxd6 Bxd6 26.Bc4+ Be6 27.Qxe4 Qf7 28.Bxe6 Rxe6 29.Qh4 Rde8
30.b5 c5 31.b6 Bf8 32.Qc4 Re1+  0-1

[Event "2nd Zlatni Rat Open"]
[Site "Bol CRO"]
[Date "2011.09.12"]
[Round "4.2"]
[White "Tratar,M"]
[Black "Markus,Rob"]
[Result "1-0"]
[WhiteElo "2477"]
[BlackElo "2635"]

1.Nf3 Nf6 2.c4 g6 3.Nc3 Bg7 4.e4 d6 5.d4 O-O 6.Be2 e5 7.Be3 Nbd7 8.d5 Ng4
9.Bg5 f6 10.Bd2 a5 11.h3 Nh6 12.h4 Nc5 13.h5 g5 14.Be3 g4 15.Nh4 f5 16.Nxf5 Bxf5
17.exf5 e4 18.Bxc5 dxc5 19.Nxe4 Nxf5 20.Bxg4 Qe7 21.Bxf5 Rxf5 22.Qg4 Raf8
23.h6 Rf4 24.Qxg7+ Qxg7 25.hxg7 Rxe4+ 26.Kf1 Rfe8 27.b3 Re2 28.Rh3 a4 29.bxa4 Rc2
30.Rh4 Ree2 31.Rf4 Kxg7 32.Rb1 Rb2 33.Rxb2 Rxb2 34.a3 b6 35.Re4 Kf8 36.Re6 Rc2
37.a5 bxa5 38.Rc6 Rxc4 39.Rxc7 h5 40.d6 Ke8 41.g3 h4 42.gxh4 Rxh4 43.Rxc5 Ra4
44.Rc3 Rd4 45.Re3+ Kf7 46.Re5 a4 47.Ra5 Ke6 48.Ra6 Ke5 49.d7 Rxd7 50.Rxa4 Rd3
51.Kg2 Rb3 52.Ra5+ Kf4 53.Ra8 Rb7 54.Ra4+ Kf5 55.Rb4 Rc7 56.a4 Rc3 57.f3 Rc1
58.Kg3 Rg1+ 59.Kf2 Ra1 60.f4 Ra3 61.Ke2 Rh3 62.Rd4 Rg3 63.Kd2 Rg8 64.Kc3  1-0

[Event "2nd Livigno Open A"]
[Site "Livigno ITA"]
[Date "2011.09.12"]
[Round "1"]
[White "Naumkin,I"]
[Black "Franciosi,F"]
[Result "1-0"]
[WhiteElo "2473"]
[BlackElo "2069"]

1.d4 Nf6 2.c4 g6 3.Nc3 Bg7 4.e4 d6 5.Nf3 O-O 6.Be2 e5 7.d5 a5 8.Bg5 h6 9.Bh4 Na6
10.O-O Bd7 11.Nd2 Qe8 12.b3 Nh7 13.a3 f5 14.exf5 gxf5 15.Bh5 Qb8 16.Be7 Re8
17.Bxe8 Qxe8 18.Bh4 e4 19.Rc1 Nc5 20.Rc2 Qg6 21.Ne2 Nd3 22.Bg3 Be5 23.f3 Re8
24.fxe4 fxe4 25.Bxe5 Rxe5 26.Ng3 e3 27.Nf3 Re8 28.Nh4  1-0

[Event "37th ch-LIB"]
[Site "Beirut LIB"]
[Date "2011.09.13"]
[Round "8"]
[White "Shamieh,J"]
[Black "El Jawich,A"]
[Result "1/2-1/2"]
[WhiteElo "2068"]
[BlackElo "2155"]

1.d4 Nf6 2.Nf3 g6 3.c4 Bg7 4.Nc3 O-O 5.e4 d6 6.Be2 e5 7.dxe5 dxe5 8.Qxd8 Rxd8
9.Bg5 Rf8 10.Nd5 Nxd5 11.cxd5 c6 12.Bc4 b5 13.Bb3 Bb7 14.Rd1 c5 15.Be7 Rc8
16.O-O Nd7 17.Bh4 Bf8 18.Bc2 Bd6 19.Nd2 c4 20.Bg3 c3 21.bxc3 Rxc3 22.Bb1 b4
23.Rc1 Ba6 24.Rfe1 Rac8 25.Nb3 Bb5 26.Rxc3 bxc3 27.Bc2 Nc5 28.Nxc5 Rxc5 29.f3  1/2-1/2

[Event "2nd Livigno Open A"]
[Site "Livigno ITA"]
[Date "2011.09.13"]
[Round "2.20"]
[White "Franciosi,F"]
[Black "Mazur,Ste"]
[Result "0-1"]
[WhiteElo "2069"]
[BlackElo "2372"]

1.d4 Nf6 2.c4 g6 3.Nc3 Bg7 4.e4 d6 5.Nf3 O-O 6.Be2 e5 7.d5 a5 8.Bg5 h6 9.Bh4 Na6
10.Nd2 Qe8 11.a3 Bd7 12.b3 Nh7 13.Rb1 h5 14.f3 Bh6 15.Bf2 Qe7 16.h4 c5 17.dxc6 bxc6
18.b4 axb4 19.axb4 Rfb8 20.b5 Nc5 21.Nb3 Nf8 22.Nxc5 dxc5 23.bxc6 Bxc6 24.Nd5 Qd8
25.O-O Ne6 26.Re1 Nd4 27.Bf1 Bxd5 28.cxd5 Ra2 29.Qd3 Rd2 30.Rxb8 Qxb8 31.Rb1 Qd8
32.Qa3 Rxf2 33.Kxf2 Qxh4+ 34.g3 Qh2+ 35.Bg2 Nc2 36.Rh1 Qxg2+ 37.Kxg2 Nxa3
38.Ra1 Nc4 39.Ra8+ Bf8 40.f4 Kg7 41.Kf3 Bd6 42.Ra4 Nd2+ 43.Ke3 exf4+ 44.gxf4 Nf1+
45.Kf2 Nh2 46.e5 Ng4+ 47.Kf3 Nxe5+ 48.fxe5 Bxe5 49.Ke4 Bh2 50.Ra6 f5+ 51.Kf3 g5
52.Kg2 Bf4 53.Rc6 g4 54.Rxc5 h4 55.d6 h3+ 56.Kh1 g3 57.Rc3 Bxd6 58.Rc6 Be5  0-1

[Event "2nd Zlatni Rat Open"]
[Site "Bol CRO"]
[Date "2011.09.14"]
[Round "6.9"]
[White "Solic,K"]
[Black "Scharrer,P"]
[Result "1/2-1/2"]
[WhiteElo "2219"]
[BlackElo "2269"]

1.d4 g6 2.e4 Bg7 3.c4 d6 4.Nc3 Nf6 5.Nf3 O-O 6.Be2 Na6 7.O-O e5 8.Re1 c6
9.Bf1 exd4 10.Nxd4 Ng4 11.Be2 Qb6 12.Bxg4 Bxd4 13.Be3 Bxe3 14.Rxe3 Bxg4 15.Qxg4 Qxb2
16.Rb1 Qc2 17.Qg3 Nc5 18.Re2 Qd3 19.Qxd3 Nxd3 20.Rxb7 Ne5 21.Rd2 Rfd8 22.Rb4 a5
23.Ra4 Nd7 24.c5 dxc5 25.f4 Ra7 26.Rd6 Rc8 27.Rc4 Rb7 28.Na4 Nb6 29.Nxb6 Rxb6
30.Rxc5 Rb1+ 31.Kf2 Rb2+ 32.Kf3 Rxa2 33.Rdxc6 Rxc6 34.Rxc6  1/2-1/2

[Event "1st Marcel Duchamp"]
[Site "Buenos Aires ARG"]
[Date "2011.09.14"]
[Round "3"]
[White "Real de Azua,E"]
[Black "Pichot,A"]
[Result "1-0"]
[WhiteElo "2452"]
[BlackElo "2221"]

1.d4 Nf6 2.Nf3 g6 3.c4 Bg7 4.Nc3 O-O 5.e4 d6 6.Be2 Na6 7.O-O e5 8.Be3 Ng4
9.Bg5 Qe8 10.dxe5 Nxe5 11.Nd4 c6 12.Qd2 f5 13.exf5 gxf5 14.Bh6 Qf7 15.Bxg7 Kxg7
16.Nf3 Qf6 17.Rad1 Nf7 18.Nd4 Nc5 19.f4 a5 20.Bf3 Bd7 21.Nce2 Rfe8 22.Ng3 Kg8
23.Kh1 Ne4 24.Bxe4 fxe4 25.Rde1 d5 26.cxd5 cxd5 27.Re3 Nd6 28.b3 Rf8 29.Nh5 Qh6
30.Rg3+ Kf7 31.Rg5 Bc6 32.f5 Ke8 33.Ne6 e3 34.Qxe3 Ne4 35.Nc7+ Kd8 36.Qb6 Nxg5
37.Nxa8+ Ke8 38.Nc7+ Kf7 39.Nf4 Kg8 40.Ncxd5 Rxf5 41.Qd8+ Kg7 42.Qe7+ Rf7
43.Qe5+ Kg8 44.Ne7+ Kf8 45.Nxc6 bxc6 46.Rd1 Qf6 47.Qb8+  1-0

[Event "10th Istanbul Open A"]
[Site "Istanbul TUR"]
[Date "2011.09.14"]
[Round "4"]
[White "Alzaim,T"]
[Black "Nuri,M"]
[Result "1-0"]
[WhiteElo "2232"]
[BlackElo "1984"]

1.d4 Nf6 2.c4 g6 3.Nc3 Bg7 4.e4 d6 5.Nf3 O-O 6.Be2 e5 7.O-O Nbd7 8.Be3 c6
9.Re1 h6 10.h3 exd4 11.Nxd4 Re8 12.Qc2 Nc5 13.f3 Nh5 14.Bf1 Be5 15.Nde2 Qf6
16.Qd2 Ne6 17.Rab1 g5 18.Nd1 Nef4 19.Nf2 Be6 20.Ng4 Bxg4 21.hxg4 Nxe2+ 22.Rxe2 Nf4
23.Rf2 Ne6 24.Bd3 Bf4 25.Rd1 Qe5 26.b3 Kg7 27.Bxf4 gxf4 28.Bf1 Rad8 29.Qb2 Kf6
30.b4 Qxb2 31.Rxb2 Ke5 32.Rbd2 Rd7 33.c5 Red8 34.Bc4 Nf8 35.cxd6 Rxd6 36.Rxd6 Rxd6
37.Rxd6 Kxd6 38.Bxf7 Ke5 39.Kf2 Nd7 40.g3 b6 41.Be8 Nb8 42.gxf4+ Kxf4 43.b5 cxb5
44.Bxb5 a6 45.Be8 b5 46.a3 Ke5 47.Ke3 Ke6 48.f4 Ke7 49.Bg6 Nc6 50.e5 Na5
51.f5 Nc4+ 52.Kd4 Nxa3 53.Kd5 Nc4 54.f6+ Kd8 55.e6 Nb6+ 56.Kc6 Nc8 57.Kc5 Ne7
58.fxe7+ Kxe7 59.Kd5 a5 60.Bd3 b4 61.Bc2  1-0

[Event "2nd Livigno Open A"]
[Site "Livigno ITA"]
[Date "2011.09.14"]
[Round "4.25"]
[White "Franciosi,F"]
[Black "Kock,HU"]
[Result "1-0"]
[WhiteElo "2069"]
[BlackElo "2117"]

1.d4 Nf6 2.c4 g6 3.Nc3 Bg7 4.e4 d6 5.Nf3 O-O 6.Be2 e5 7.d5 a5 8.Bg5 h6 9.Bh4 Na6
10.Nd2 Bd7 11.a3 Qc8 12.Rb1 b6 13.b4 axb4 14.axb4 Nh7 15.Qc2 f5 16.f3 Nf6
17.Bf2 f4 18.Nb5 Bxb5 19.cxb5 Nb8 20.Rc1 Nfd7 21.Qxc7 Qxc7 22.Rxc7 Ra2 23.Bd1 Bf6
24.Ke2 Bd8 25.Rc8 Be7 26.Rxf8+ Kxf8 27.Bb3 Ra7 28.Nc4 Rb7 29.g3 Kf7 30.gxf4 exf4
31.e5 dxe5 32.d6 Kg7  1-0

[Event "ch-Euro Youth b18"]
[Site "Albena BUL"]
[Date "2011.09.15"]
[Round "5.26"]
[White "Pecurica,M"]
[Black "Tomazini,Z"]
[Result "0-1"]
[WhiteElo "2149"]
[BlackElo "2267"]

1.d4 Nf6 2.c4 g6 3.Nc3 Bg7 4.e4 d6 5.Nf3 O-O 6.Be2 Nbd7 7.O-O e5 8.Be3 Re8
9.d5 Nh5 10.Re1 Bf8 11.Nd2 Ng7 12.b4 f5 13.f3 f4 14.Bf2 g5 15.Nb3 Nf6 16.c5 Re7
17.b5 Nge8 18.a4 Rg7 19.b6 axb6 20.cxb6 cxb6 21.Nd2 g4 22.Nf1 gxf3 23.Bxf3 Ng4
24.Qd3 Qg5 25.Reb1 Rb8 26.Ra3 Ngf6 27.Nd2 Bd7 28.g3 Ng4 29.Be1 Qh5 30.Qe2 Be7
31.Rxb6 Bg5 32.Rab3 fxg3 33.Bxg3 Be3+ 34.Kh1  0-1

[Event "10th Istanbul Open A"]
[Site "Istanbul TUR"]
[Date "2011.09.15"]
[Round "5"]
[White "Citak,S"]
[Black "Harutjunyan,G"]
[Result "0-1"]
[WhiteElo "2351"]
[BlackElo "2471"]

1.d4 Nf6 2.c4 g6 3.Nc3 Bg7 4.e4 d6 5.Nf3 O-O 6.Be2 Nbd7 7.O-O e5 8.Be3 c6
9.Qc2 exd4 10.Bxd4 Re8 11.Rad1 Qe7 12.Rfe1 Ne5 13.b4 Nfd7 14.Qd2 a5 15.a3 axb4
16.axb4 Qf8 17.Ra1 Rxa1 18.Rxa1 Bf6 19.h3 Qg7 20.Rd1 Nxf3+ 21.Bxf3 Ne5 22.Be2 Be6
23.c5 Rd8 24.Qe3 dxc5 25.Bxc5 Rxd1+ 26.Nxd1 Nd7 27.Bd6 Bd4 28.Qa3 Qh6 29.Ne3 Qg5
30.Bg3 Kg7 31.h4 Qe7 32.Nc2 Be5 33.Bxe5+ Nxe5 34.f4 Nd7 35.Qc3+ Kg8 36.g3 Bf5
37.exf5 Qxe2 38.fxg6 hxg6 39.Nd4 Qe4 40.f5 Ne5 41.Kf1 gxf5 42.Ne2 Nd3 43.Qd2 Kh7
44.Qg5 Qf3+ 45.Kg1 Qf2+ 46.Kh1 Qf1+ 47.Ng1 Nf2+ 48.Kh2 Qxg1+  0-1

[Event "2nd Livigno Open A"]
[Site "Livigno ITA"]
[Date "2011.09.15"]
[Round "5.19"]
[White "Naumkin,I"]
[Black "Reverby,M"]
[Result "1-0"]
[WhiteElo "2473"]
[BlackElo "2153"]

1.d4 Nf6 2.c4 g6 3.Nc3 Bg7 4.e4 d6 5.Nf3 O-O 6.Be2 e5 7.O-O Na6 8.Re1 exd4
9.Nxd4 Nc5 10.Bf1 a5 11.Nb3 Nfd7 12.Nxc5 Nxc5 13.Be3 Bd7 14.Bd4 Bc6 15.Bxg7 Kxg7
16.Qd4+ f6 17.b3 Re8 18.g3 Re7 19.Rab1 Qe8 20.Bg2 Qf7 21.a3 b6 22.f4 Kg8
23.b4 axb4 24.axb4 Ne6 25.Qd2 Nf8 26.e5 Bxg2 27.Qxg2 Rae8 28.Nd5 dxe5 29.Nxe7+ Qxe7
30.fxe5 fxe5 31.Qd5+ Kg7 32.Re2 Nd7 33.Rbe1 Qe6 34.Qxe6 Rxe6 35.Rd1 Nf6 36.h3 h5
37.Kf2 Re7 38.Rd8 Kf7 39.Ke3 Re6 40.b5 Re7 41.Rc2 Nd7 42.Rc8 Nc5 43.Rf2+ Kg7
44.Rff8 e4 45.Rg8+ Kh7 46.Rge8 Rd7 47.Rcd8 Rf7 48.Rh8+ Kg7 49.Rdg8+ Kf6 50.Rf8 Rxf8
51.Rxf8+ Ke5 52.Rg8 Kf5 53.Re8 Ne6 54.g4+ hxg4 55.hxg4+ Ke5 56.Rg8 g5 57.Rg6  1-0

[Event "10th Istanbul Open A"]
[Site "Istanbul TUR"]
[Date "2011.09.16"]
[Round "6"]
[White "Alzaim,T"]
[Black "Bagaturov,G"]
[Result "0-1"]
[WhiteElo "2232"]
[BlackElo "2468"]

1.d4 Nf6 2.c4 g6 3.Nc3 Bg7 4.e4 d6 5.Nf3 O-O 6.Be2 e5 7.dxe5 dxe5 8.Qxd8 Rxd8
9.h3 Re8 10.Be3 c6 11.O-O Nbd7 12.Rad1 Bf8 13.Nd2 Kg7 14.a3 Bc5 15.Bxc5 Nxc5
16.b4 Ne6 17.c5 Nd4 18.Bd3 Be6 19.Bc4 b5 20.cxb6 axb6 21.a4 b5 22.Bxe6 Rxe6
23.a5 Nc2 24.Na2 c5 25.bxc5 Rxa5 26.Nc1 Ra3 27.Nb1 Ra4 28.Nc3 Rc4 29.Nxb5 Rxc5
30.Nd6 Nd4 31.Nb7 Rc2 32.Rfe1 Rb6 33.Na5 Rb5 34.Rxd4 exd4 35.e5 Rb4 36.Nab3 Nd5
37.Rd1 Nf4 38.Kf1 Ne6 39.Nd2 Rbb2 40.Ke1 Nc5 41.g3 h5 42.f4 Rxc1 43.Rxc1 Nd3+
44.Kd1 Nxc1 45.Kxc1 Ra2 46.Kd1 Ra3 47.Nf1 h4 48.gxh4 Rxh3 49.Ke2 Kh6 50.Nd2 Kh5
51.Nc4 d3+ 52.Kd2 Rf3 53.Ne3 Rxf4 54.Kxd3 Kxh4 55.Ng2+ Kg3 56.Nxf4 Kxf4 57.Kd4 g5  0-1

[Event "10th Istanbul Open A"]
[Site "Istanbul TUR"]
[Date "2011.09.16"]
[Round "6"]
[White "Muratoglu,S"]
[Black "Tahaoglu,Ugur Barkin"]
[Result "0-1"]
[WhiteElo "2099"]
[BlackElo "1855"]

1.d4 Nf6 2.c4 g6 3.Nc3 Bg7 4.Nf3 O-O 5.e4 d6 6.Be2 e5 7.dxe5 dxe5 8.Qxd8 Rxd8
9.Bg5 Rf8 10.O-O-O Nc6 11.h3 Be6 12.g4 a5 13.Be3 a4 14.Ng5 Nd4 15.Nxe6 fxe6
16.Bd3 c6 17.Kb1 Nd7 18.h4 h6 19.Rhf1 Rf7 20.Bc2 Nc5 21.f4 a3 22.Bxd4 exd4
23.Ne2 d3 24.Bxd3 Bxb2 25.e5 Kg7 26.h5 g5 27.Bg6 Rff8 28.fxg5 hxg5 29.Rxf8 Rxf8
30.Nd4 Rf4 31.Nb3 Nxb3 32.axb3 Bxe5 33.Rd7+ Kg8 34.h6 Rf1+ 35.Kc2 Rf8 36.Kb1 Rf1+
37.Kc2 a2 38.Re7 Rf2+ 39.Kd3 Rf8  0-1

[Event "2nd Livigno Open A"]
[Site "Livigno ITA"]
[Date "2011.09.16"]
[Round "7.11"]
[White "Stella,A"]
[Black "Maiorov,N1"]
[Result "1/2-1/2"]
[WhiteElo "2447"]
[BlackElo "2558"]

1.d4 Nf6 2.c4 g6 3.Nf3 Bg7 4.Nc3 O-O 5.e4 d6 6.Be2 Nbd7 7.O-O e5 8.Be3 Re8
9.dxe5 dxe5 10.Nd2 Nf8 11.c5 Ne6 12.Nb3 Bd7 13.Qc2 c6 14.Rfd1 Qc7 15.a4 Nf4
16.f3 Rad8 17.Bf1 Ne6 18.a5 Nh5 19.a6  1/2-1/2

[Event "2nd Livigno Open A"]
[Site "Livigno ITA"]
[Date "2011.09.16"]
[Round "7.20"]
[White "Scalcione,M"]
[Black "Karl,H"]
[Result "1-0"]
[WhiteElo "2337"]
[BlackElo "2201"]

1.Nf3 Nf6 2.c4 g6 3.Nc3 Bg7 4.e4 d6 5.d4 O-O 6.Be2 e5 7.Be3 Bg4 8.d5 Nbd7
9.Nd2 Bxe2 10.Qxe2 a6 11.g4 Ne8 12.Qf3 Nc5 13.Ke2 Qd7 14.Qg2 f5 15.h3 f4
16.Bxc5 dxc5 17.g5 Nd6 18.f3 Kf7 19.h4 Rh8 20.h5 Rag8 21.Rh4 Ke8 22.h6 Bf8
23.Nd1 Nf7 24.Nf2 Be7 25.Rg4 Kd8 26.Nd3 Kc8 27.a3 b6 28.b4 Qa4 29.Qg1 Kd7
30.Qb1 Kd6 31.Qb2 Rb8 32.Rxf4 exf4 33.e5+ Kd7 34.e6+ Kc8 35.exf7 Kb7 36.bxc5 Ka7
37.c6 Bxg5 38.Qe5 Bxh6 39.Qxc7+ Ka8 40.Qe5 Rhf8 41.Rh1 Rxf7 42.Rxh6 Qxa3
43.d6 Rbf8 44.Rh1 Rf5 45.Qd4 Re8+ 46.Ne4 Qa2+ 47.Nb2 Qb3 48.d7 Qc2+ 49.Kf1 Qb1+
50.Nd1  1-0

[Event "2nd Livigno Open A"]
[Site "Livigno ITA"]
[Date "2011.09.16"]
[Round "7.23"]
[White "Franciosi,F"]
[Black "Reverby,M"]
[Result "1/2-1/2"]
[WhiteElo "2069"]
[BlackElo "2153"]

1.d4 Nf6 2.c4 g6 3.Nc3 Bg7 4.e4 d6 5.Nf3 O-O 6.Be2 e5 7.d5 a5 8.Bg5 h6 9.Bh4 Na6
10.Nd2 Bd7 11.a3 h5 12.Rb1 Nc5 13.b3 Qe8 14.Qc2 Nh7 15.f3 Bf6 16.Bf2 h4 17.b4 axb4
18.axb4 Na4 19.Nb5 Bd8 20.O-O Bxb5 21.cxb5 Nb6 22.Ra1 Rxa1 23.Rxa1 Nd7 24.Ra7 b6
25.Qc6 Qe7 26.Nc4 h3 27.g3 Ng5 28.Bxb6 Nb8 29.Qb7 Qf6 30.Nd2 cxb6 31.Qxb8 Nh7
32.Qc8 Qg5 33.Nf1 Qh6 34.Rb7 Nf6 35.Qc6 Ne8 36.Rb8 Ng7 37.Qxd6 Be7 38.Rxf8+ Bxf8
39.Qxb6 Qc1 40.Qe3 Qb2 41.Qd2 Qa3 42.Qd3 Qxb4 43.f4 Bc5+ 44.Kh1 Qe1 45.Qf3 f6
46.fxe5 fxe5 47.g4 Ne8 48.Bd3 Qc3 49.Be2  1/2-1/2

[Event "ch-Euro Youth g18"]
[Site "Albena BUL"]
[Date "2011.09.17"]
[Round "6.19"]
[White "Messina,R"]
[Black "Sanal,S"]
[Result "1-0"]
[WhiteElo "1970"]
[BlackElo "1728"]

1.c4 Nf6 2.Nc3 g6 3.e4 d6 4.d4 Bg7 5.Nf3 O-O 6.Be2 e5 7.dxe5 dxe5 8.Qxd8 Rxd8
9.Bg5 Re8 10.Rd1 c6 11.O-O Nbd7 12.Rd6 Bf8 13.Rd2 Bb4 14.Bd3 b6 15.Rfd1 Nh5
16.Bf1 f6 17.Be3 Ng7 18.Rxd7 Bxd7 19.Rxd7 Red8 20.Rxd8+ Rxd8 21.Na4 Ne6 22.a3 Be7
23.b4 Kf7 24.Nc3 Rd7 25.g3 Bf8 26.Kg2 Ke8 27.c5 b5 28.Nxb5 Rb7 29.Nc3 a5
30.b5 Bxc5 31.bxc6 Rb8 32.Bxc5 Nxc5 33.c7 Rc8 34.Bb5+ Ke7 35.Nd5+ Kd6 36.Nd2 Nxe4
37.Nc4+ Kc5 38.Ba6 Rf8 39.Ne7 Nd6 40.Nxd6 Kxd6 41.c8=Q Rxc8 42.Nxc8+  1-0

[Event "2nd Zlatni Rat Open"]
[Site "Bol CRO"]
[Date "2011.09.17"]
[Round "9.6"]
[White "Tratar,M"]
[Black "Ivic,Mat"]
[Result "1-0"]
[WhiteElo "2477"]
[BlackElo "2290"]

1.d4 Nf6 2.Nf3 d6 3.c4 g6 4.Nc3 Bg7 5.e4 O-O 6.Be2 Nbd7 7.O-O e5 8.Qc2 c6
9.d5 c5 10.Bg5 h6 11.Bd2 a6 12.g3 Kh7 13.a3 Ng8 14.Bd3 Ndf6 15.b4 b6 16.Rab1 Bh3
17.Rfe1 Nd7 18.Na4 f5 19.exf5 gxf5 20.Nh4 e4 21.Bxe4 Qxh4 22.gxh4 fxe4 23.Re3 Bf5
24.bxc5 Bd4 25.Nxb6 Nxb6 26.cxb6 Nf6 27.b7 Rab8 28.h3 Rg8+ 29.Kf1 Bxe3 30.Bxe3 Bxh3+
31.Ke1 Bf5 32.Ba7  1-0

[Event "e2e4 Sunningdale Autumn"]
[Site "Sunningdale ENG"]
[Date "2011.09.17"]
[Round "2"]
[White "Bonafont,P"]
[Black "Hickman,J"]
[Result "1-0"]
[WhiteElo "2094"]
[BlackElo "1975"]

1.d4 d6 2.Nf3 g6 3.c4 Bg7 4.e4 Nf6 5.Nc3 O-O 6.Be2 Nbd7 7.O-O e5 8.Be3 Re8
9.d5 Nh5 10.Re1 Bf8 11.Qd2 Ng7 12.b4 f5 13.exf5 gxf5 14.Bg5 Be7 15.c5 Nf6
16.Bc4 Kh8 17.Rad1 e4 18.Qd4 Ng4 19.Nxe4 fxe4 20.Rxe4 Ne5 21.Rxe5 dxe5 22.Nxe5 Rf8
23.Ng6+ hxg6 24.Qh4+ Kg8 25.Bxe7 Qe8 26.Bxf8 Qxf8 27.d6+ Be6 28.dxc7 Re8
29.h3 Qf5 30.Rd8 Kf8 31.Bxe6 Qxe6 32.c8=Q  1-0

[Event "10th Istanbul Open A"]
[Site "Istanbul TUR"]
[Date "2011.09.18"]
[Round "9"]
[White "Alzaim,T"]
[Black "Harutjunyan,G"]
[Result "0-1"]
[WhiteElo "2232"]
[BlackElo "2471"]

1.d4 Nf6 2.c4 g6 3.Nc3 Bg7 4.e4 d6 5.Nf3 O-O 6.Be2 Nbd7 7.O-O e5 8.Be3 exd4
9.Nxd4 Re8 10.f3 c6 11.Qd2 Ne5 12.Rad1 Qe7 13.Rfe1 a6 14.a4 a5 15.Nb3 Be6
16.Qxd6 Qxd6 17.Rxd6 Bxc4 18.Nd2 Be6 19.f4 Ned7 20.e5 Bf8 21.Rd3 Nd5 22.Nxd5 cxd5
23.Rc1 f6 24.Bf3 fxe5 25.Bxd5 exf4 26.Bxf4 Nc5 27.Bxe6+ Rxe6 28.Rd4 Bg7 29.Rd5 Nxa4
30.Rc7 Bxb2 31.Rdd7 Nb6 32.Rd6 Rxd6 33.Bxd6 a4 34.Rxb7 a3 35.Nb3 a2 36.Rb8+ Rxb8
37.Bxb8 Nc4 38.Bf4 Na5  0-1

[Event "Caissa IM Sept 2011"]
[Site "Kecskemet HUN"]
[Date "2011.09.18"]
[Round "3.3"]
[White "Erdelyi,T"]
[Black "Bhakti,K"]
[Result "0-1"]
[WhiteElo "2176"]
[BlackElo "2289"]

1.Nf3 Nf6 2.c4 g6 3.Nc3 Bg7 4.e4 d6 5.d4 O-O 6.Be2 e5 7.d5 Nh5 8.O-O Nf4
9.Be3 Nxe2+ 10.Qxe2 f5 11.Ne1 f4 12.Bd2 Nd7 13.f3 Nf6 14.Nd3 g5 15.h3 h5
16.Kf2 g4 17.hxg4 hxg4 18.Ke1 Nh5 19.Qf2 Ng3 20.Rg1 Bf6 21.Kd1 Bh4 22.Qe1 a6
23.a4 Qe8 24.Kc1 Qh5 25.Qd1 Kf7 26.Kc2 Bd7 27.Ra3 b5 28.axb5 axb5 29.cxb5 Rfb8
30.Rb3 Rb6 31.Ne1 Ra5 32.Kb1 Qh8 33.Nc2 Bxb5 34.Nxb5 Raxb5 35.Rxb5 Rxb5 36.Bc3 Qa8
37.fxg4 Nxe4 38.Qf3 Qxd5 39.g5 Nxc3+ 40.Qxc3 Qc5 41.Qxc5 Rxc5 42.Rh1 Bxg5
43.Nb4 Kg7 44.Rh5 Bh6 45.Na6 Rc4 46.b3 Rc6  0-1

[Event "e2e4 Sunningdale Autumn"]
[Site "Sunningdale ENG"]
[Date "2011.09.18"]
[Round "4"]
[White "Aagaard,G"]
[Black "Mavinkurve,Aditya"]
[Result "1-0"]
[WhiteElo "2066"]
[BlackElo "1807"]

1.d4 Nf6 2.c4 g6 3.Nc3 Bg7 4.e4 d6 5.Be2 O-O 6.Nf3 Nbd7 7.O-O e5 8.d5 Ne8
9.Nd2 f5 10.f3 f4 11.Rb1 g5 12.b4 h5 13.Ba3 b6 14.c5 bxc5 15.bxc5 Ndf6 16.Nc4 g4
17.Nb5 dxc5 18.Bxc5 gxf3 19.Bxf3 Ng4 20.Nxa7 Qh4 21.h3 Rf7 22.Nxc8 Rxc8 23.hxg4 Bf6
24.gxh5 Rg7 25.a4 Qg3 26.a5 Ra8 27.d6 cxd6 28.Bf2 Qg5 29.Qd5+ Kh7 30.Qxa8 Nc7
31.Qc8 Bd8 32.Nxd6 Qf6 33.Qf5+ Qxf5 34.Nxf5 Rd7 35.Rfd1 Rxd1+ 36.Rxd1 Ne6
37.Rd6 Nd4 38.Rd7+ Kh8 39.Rxd8+ Kh7 40.Rd7+ Kh8 41.Nxd4 exd4 42.a6 d3 43.a7 d2
44.a8=R+  1-0

[Event "ch-Euro Youth b16"]
[Site "Albena BUL"]
[Date "2011.09.19"]
[Round "8.28"]
[White "Rindlisbacher,L"]
[Black "Skouvaklis,A"]
[Result "1-0"]
[WhiteElo "2217"]
[BlackElo "2072"]

1.d4 Nf6 2.c4 g6 3.Nc3 Bg7 4.e4 d6 5.Nf3 O-O 6.Be2 e5 7.O-O Nbd7 8.Be3 c6
9.Qc2 Qc7 10.Rfd1 Re8 11.h3 exd4 12.Nxd4 Nc5 13.Bf3 Nfd7 14.b4 Ne6 15.Nb3 h6
16.Rac1 Ng5 17.Be2 Nf6 18.Bf4 Nfxe4 19.Nxe4 Nxe4 20.Bd3 Ng5 21.c5 Be5 22.cxd6 Bxd6
23.Bxd6 Qxd6 24.h4 Ne6 25.Bxg6 Qxb4 26.Be4 Qe7 27.Rd3 Qxh4 28.Re1 Rd8 29.Rg3+ Ng5
30.Qc4 Bf5 31.Nc5 Re8 32.Qc2 Kf8 33.Qc3 Nxe4 34.Qg7+ Ke7 35.Rxe4+ Bxe4 36.Qe5+  1-0